000
00333nam a22001457a 4500
008
230706b ||||| |||| 00| 0 eng d
020
_a
9781464192920
041
_a
eng
080
_2
THIRD EDITION
_a
311
082
_a
311LAR
100
_a
23
101
_a
STAT
245
_a
DISCOVERING STATISTICS
_c
LAROSE .T .D
942
_2
udc
_c
BK
999
_c
60111
_d
60111